Statistiques concernant Les Meilleurs buteurs de le Championnat de France 2018-2019

Cliquez ici pour prendre le quiz!

Statistiques générales

  • Ce quiz a été pris 57 fois
  • Le résultat moyen est 7 sur 10

Statistiques - réponses

ButsNationalitéClubJoueur% Correct
33FranceParis Saint-Germain Kylian Mbappé
100%
18UruguayParis Saint-Germain Edinson Cavani
95%
15BrésilParis Saint-Germain Neymar
93%
15ColombieAS Monaco Radamel Falcao
85%
22Côte d'IvoireLOSC Lille Nicolas Pépé
82%
16FranceOlympique de Marseille Florian Thauvin
78%
13TunisieAS Saint-Étienne Wahbi Khazri
60%
15FranceOlympique lyonnais Moussa Dembélé
55%
13FranceLOSC Lille Jonathan Bamba
49%
14FranceMontpellier HSC Andy Delort
44%

Distribution des résultats

Percentile par nombre de réponses

% des personnes avec chaque résultat

Votre développement - résultats

Vous n’avez pas pris ce quiz